00983cam a2200301 a 45000010005000000030006000050050017000110080041000280100017000690200027000860200018001130350023001310400023001540420014001770500024001910820016002151000019002312450079002502600035003293000056003645050007004205200103004275210022005305210018005526500038005706500038006087000035006462034FISKH20250828104447.0040414s2003 nyua 000 0 eng d a 2004298760 a0312491778 (hardcover) a9780439846318 a(OCoLC)ocm54089662 aEHIcEHIdDLCbeng alccopycat00aHF5381.2b.P75 200304a331.7022211 aPriddy, Roger.10aABC of jobs people do /cRoger Priddy ; with photography by Richard Brown. aNew York :bScholastic,c2003. a32 unnumbered pages :bcolor illustrations ;c28 cm aP  aDescribes occupations beginning with each letter of the alphabet from airline pilot to zoo keeper.8 a650 bLexile IG 8 aP bRaz-Plus  0aOccupationsxJuvenile literature. 0aProfessionsxJuvenile literature.1 aBrown, Richard.ePhotographer